| 000 | 00648nam a2200193 b 4500 | ||
|---|---|---|---|
| 003 | OSt | ||
| 005 | 20141220120446.0 | ||
| 008 | 060719s1970 slv spa | ||
| 040 |
_aSpMaBN _bspa _cBMC _erdc |
||
| 082 | _a891.7 | ||
| 100 | 1 |
_aTolstoï, Lev Nikolaevich _d1828-1910 _929324 |
|
| 245 | 1 | 3 |
_aLa muerte de Ivan Ilich ; El Diablo ; El padre Sergio _cLeón Tolstoi ; prólogo de Guillermo Díaz-Plaja |
| 260 |
_aMadrid _bSalvat : Alianza _c1969 |
||
| 300 |
_a189 p., 1 h. _c19 cm |
||
| 490 |
_aBiblioteca Básica Salvat. Libro RTV _v34 |
||
| 650 | 2 | 4 |
_929314 _aNovela rusa |
| 700 | 1 |
_aDíaz-Plaja, Guillermo _9743 _d1909-1984 |
|
| 942 |
_2ddc _cBK |
||
| 999 |
_c16394 _d16394 |
||